| 000 | 00409nam a2200145Ia 4500 | ||
|---|---|---|---|
| 008 | 230917s9999||||xx |||||||||||||| ||und|| | ||
| 040 |
_e128696 _aMAIN |
||
| 041 | _aEnglish | ||
| 082 | _a810.9 S77P | ||
| 100 | _aSuresh Chandra | ||
| 245 | 0 | _aPost ward Amrican writing: A study of new journalism of capote, mailer and walfe | |
| 260 |
_aNew Delhi _bBahri Publications _c1991 |
||
| 300 | _a96 p. | ||
| 942 | _cBK | ||
| 999 |
_c78642 _d78642 |
||